|
|
|
|
| LEADER |
01593nam a2200493 4500 |
| 001 |
DLU110120471 |
| 005 |
##20110504 |
| 008 |
##970402d19972005njuar r 0 0eng d |
| 010 |
# |
# |
|a 98664069
|z sn 97030836
|
| 022 |
# |
# |
|y 1066-5366
|
| 035 |
# |
# |
|a (OCoLC)ocm36665059
|
| 040 |
# |
# |
|a MoS
|c MoS
|d NGvP
|d GU
|d InU
|d N
|d DLC
|d InU
|d WaU
|d NSDP
|d MiEM
|
| 042 |
# |
# |
|a lc
|
| 043 |
# |
# |
|a n-us---
|a n-cn---
|
| 082 |
# |
# |
|a 373.025 73
|
| 245 |
# |
# |
|a Peterson's private secondary schools.
|
| 246 |
# |
# |
|a Peterson's guide to private secondary schools
|
| 246 |
# |
# |
|a Private secondary schools
|
| 260 |
# |
# |
|a Princeton, N.J. :
|b Peterson's,
|c c1997-c2000.
|
| 300 |
# |
# |
|a 1368. :
|b ill. ;
|c 28 cm.
|
| 310 |
# |
# |
|a Annual
|
| 362 |
# |
# |
|a 18th ed. (1997/98)-25th ed. (2005)
|
| 650 |
# |
# |
|a High schools
|v Directories.
|
| 650 |
# |
# |
|a High schools
|z Canada
|v Directories.
|
| 650 |
# |
# |
|a High schools
|z United States
|v Directories.
|
| 650 |
# |
# |
|a Private schools
|v Directories.
|
| 650 |
# |
# |
|a Private schools
|z Canada
|v Directories.
|
| 650 |
# |
# |
|a Private schools
|z United States
|v Directories.
|
| 710 |
# |
# |
|a Peterson's Guides, Inc.
|
| 780 |
# |
# |
|t Peterson's guide to private secondary schools
|x 1066-5366
|w (OCoLC)26988116
|w (DLC) 93664267
|
| 785 |
# |
# |
|t Private secondary schools
|x 1542-9903
|w (DLC) 2002252666
|w (OCoLC)46789110
|
| 850 |
# |
# |
|a DLC
|a GU
|a InU
|a N
|
| 923 |
# |
# |
|a 01/2011NN
|
| 991 |
# |
# |
|a SH
|
| 992 |
# |
# |
|a 0
|
| 993 |
# |
# |
|a 1995
|
| 994 |
# |
# |
|a KNN
|
| 900 |
# |
# |
|a True
|
| 911 |
# |
# |
|a Nguyễn Thanh Hương
|
| 925 |
# |
# |
|a G
|
| 926 |
# |
# |
|a A
|
| 927 |
# |
# |
|a SH
|
| 980 |
# |
# |
|a Thư viện Trường Đại học Đà Lạt
|